000 nam a22 7a 4500
999 _c27855
_d27855
008 170211b xxu||||| |||| 00| 0 eng d
020 _a9781429295246
050 _aQA 276.12 .L37 2013
100 _aLarose, Daniel T.
_d2013.
245 _aDiscovering statistics/
_cDaniel T. Larose, Christina Morian.
250 _a2nd ed.
260 _aNew york:
_bW.H freeman and company,
_c2013.
300 _axxvii, 673, [150]p.:
_bill.;
_c28cm.
521 _aIncludes bibliographical references and index.
650 _aMathematical statistics.
700 _aMorian, Christina.
942 _2lcc
_cBOOKS
_hQA 276.12 .L37 2013